000 01627nam2a22002771 4500
001 v19\rc\1967006
005 20251118181039.0
035 _a(NLR Aleph) 005049576
090 _a6880098
_c6880098
100 _a20080428d1914 u y0rusy50 ca
101 1 _arus
_cger
102 _aRU
105 _aa z |||||
200 1 _aОбщие наставления по разведению огорода и уходу за ним
210 _d1914
215 _a102, [1] с.
_cил.
225 1 _a...
_vВып. 76
461 0 _1001v19\rc\1967004
_12001#$a... Сад и огород$e[Практ. руководство для всех начинающих заниматься садоводством и огородничеством]$eСо множеством рис.$fС нем. пер. С.А. Порецкий$gИ. Беттнер, ред. журн. "Практ. советы по садоводству и огородничеству"$vВып. 2
_1700#1$aБеттнер$bИ.$f1861-1919$gИоганн
_95982085
_aБеттнер, И. (1861-1919)
_cМосква
_d1914-1915
_e2-е изд. Вып. 1-
_fС нем. пер. С.А. Порецкий
_nтип. "Крестного календаря"
_o[Практ. руководство для всех начинающих заниматься садоводством и огородничеством] : Со множеством рис.
_tСад и огород
_vВып. 2
801 0 _aRU
_bNLR
_gpsbo
801 0 _aRU
_bRuMoRGB
_2psbo
801 1 _aRU
_bProSoft-M
_2rusmarc
852 _aNLR
_j40.16.7.248
899 _aRuMoRGB
_jU 426/312
899 _aБАН
942 _cBOOK
980 _aNB